al-Funūn al-shaʻbīyah fī Filasṭīn /

محفوظ في:

المؤلف الرئيسي: ʻArnīṭah, Yusrá Jawharīyah (مؤلف)

التنسيق: كتاب

اللغة: Arabic

منشور في: Bayrūt : Munaẓẓamat al-Taḥrīr al-Filasṭīnīyah, Markaz al-Abḥāth, 1968.

سلاسل: Silsilat "Kutub Filastiniyah" ; 14.

الموضوعات:

الوسوم: إضافة وسم

لا توجد وسوم, كن أول من يضع وسما على هذه التسجيلة!

رقم الطلب: GR285 .A74 1968

LEADER 01578namaa2200277 4500
001 14287
003 OSt
005 20230724122842.0
008 130303s1968 le ac b 000 0 ara d
952 |0 0  |1 0  |2 lcc  |4 0  |6 GR0285 A74 01968  |7 1  |9 49305  |a ARCE  |b ARCE  |d 2023-07-24  |l 0  |o GR285 .A74 1968  |p 1027790  |r 2023-07-24 00:00:00  |w 2023-07-24  |y BK 
999 |c 14981  |d 14981 
040 |c ARCE Library 
050 4 |a GR285 .A74 1968 
100 1 |6 880-01  |a ʻArnīṭah, Yusrá Jawharīyah,  |e author 
245 1 3 |6 880-02  |a al-Funūn al-shaʻbīyah fī Filasṭīn /   |c Yusrá Jawharīyah ʻArniṭah. 
264 1 |a Bayrūt :   |b Munaẓẓamat al-Taḥrīr al-Filasṭīnīyah, Markaz al-Abḥāth,   |c 1968. 
300 |a 256 pages :   |b illustrations, portraits ;   |c 24 cm. 
490 1 |a Silsilat "Kutub Filastiniyah" ;   |v 14. 
500 |a Includes unacc. melodies 
504 |a Bibliographies : pages 255-256. 
650 0 |a Folklore  |z Palestine. 
830 0 |a Silsilat "Kutub Filastiniyah" ;   |v 14. 
880 1 |6 100-01/(3/r  |a .عرنيطة، يسرى جوهرية‪‪‪‪‪‪‪‪‪‪‪‪‪‪‪‪‪‪‪‪‪‪‪‪‪‪‪‪‪‪‪‪‪‪‪‪‪‪‪‪‪‪‪‪ 
880 1 2 |6 245-02/(3/r  |a الفنون الشعبية في فلسطين ‪‪‪‪‪‪‪‪‪‪‪‪‪‪‪‪‪‪‪‪‪‪‪‪‪‪‪‪‪‪‪‪‪‪‪‪‪‪‪‪‪‪‪‪  |c يسري جوهرية عرنيطة.‪‪‪‪‪‪‪‪‪‪‪‪‪‪‪‪‪‪‪‪‪‪‪‪‪‪‪‪‪‪‪‪‪‪‪‪‪‪‪‪‪‪‪‪ 
901 |a reviewed 
942 |c BK  |2 lcc